Szczegóły MARC21

Amortyzacja w finansach przedsiębiorstw /

003 -Nazwa inst., której nr kontr. jest w polu 001 [,]
    • @
    • Nazwa instytucji, której n kontrolny jest w polu 001
    • NUKAT
005 -DATA I CZAS OSTATNIEJ MODYFIKACJI [,]
    • @
    • pole kontrolne
    • 20241231085632.0
020 -Międzynarod. znormalizowany nr książki - ISBN [ , ]
    • a
    • Numer ISBN
    • 8372412103 Find
040 -Instytucja sporządzająca opis [ , ]
    • a
    • Instytucja, która sporządziła opis (NP)
    • KR 93/11SWB
    • c
    • Instytucja, która sporządziła rekord (NP)
    • KR 93/11SWB
    • d
    • Instytucja, która zmodyfikowała rekord (P)
    • KR 93/MD
    • d
    • Instytucja, która zmodyfikowała rekord (P)
    • KR 93/KKs
942 -Rodzaj dokumentu [ , ]
    • c
    • Rodzaj dokumentu
    • Książka
100 -Hasło główne - nazwa osobowa [1, ]
    • a
    • Nazwa osobowa (NP)
    • Iwin-Garzyńska, Jolanta.
    • 9
    • KHW
    • 75
245 -Strefa tytułu i oznaczenia odpowiedzialności [1,0]
    • a
    • Tytuł
    • Amortyzacja w finansach przedsiębiorstw / Find
    • c
    • Pozostałe elementy strefy tytułu i oznaczenia odpowiedzialności (NP)
    • Jolanta Iwin, Zdzisław Niedzielski ; Uniwersytet Szczeciński.
260 -Strefa adresu wydawniczego [ , ]
    • a
    • Miejsce wydania (P)
    • Szczecin :
    • b
    • Nazwa wydawcy (P)
    • Wydaw. Naukowe US,
    • c
    • Data wydania (P)
    • 2002.
300 -Strefa opisu fizycznego [ , ]
    • a
    • Określenie formy książki i/lub objętość (NP)
    • 261 s. :
    • b
    • Oznaczenie ilustracji (NP)
    • tab., wykr. ;
    • c
    • Format (NP)
    • 24 cm.
336 -Typ zawartości [ , ]
    • a
    • Termin opisujący typ zawartości
    • Tekst
    • b
    • Kod określający zawartość
    • txt
    • 2
    • Źródło (terminu i kodu)
    • rdacontent
337 -Typ mediów [ , ]
    • a
    • Tryb odtwarzania
    • Bez urządzenia pośredniczącego
    • b
    • Kod typu mediów
    • n
    • 2
    • Źródło (terminu i kodu)
    • rdamedia
338 -Typ/rodzaj nośnika [ , ]
    • a
    • Hasło opisujące typ nośnika
    • Wolumin
    • b
    • Kod typu nośnika
    • nc
    • 2
    • Źródło (terminu i kodu)
    • rdacarrier
504 -Uwaga dot. bibliogr. załącznikowej [ , ]
    • a
    • Uwaga dot. bibliografii załącznikowej
    • Bibliogr. s. 249-261.
521 -Uwaga dot. przeznaczenia czytelniczego [8, ]
    • a
    • Uwaga dot. przeznaczenia czytelniczego
    • Pomoc dla studentów w opanowaniu wiedzy z przedmiotów, na których podejmowane są problemy rzeczowych składników majątku trwałego, amortyzacji i inwestycji rzeczowych.
080 -Uniwersalna Klasyfikacja Dziesiętna [ , ]
    • a
    • Symbol klasyfikacji
    • 658.14/.17
    • 9
    • UKD
    • 5620
    • 2
    • Identyfikator wydania tablic
    • UDC-P058
    • b
    • Dopowiedzenie
    • Zagadnienia finansowe przedsiębiorstwa. Rozrachunek gospodarczy. Fundusz zakładowy.
080 -Uniwersalna Klasyfikacja Dziesiętna [ , ]
    • a
    • Symbol klasyfikacji
    • :657.372.3
080 -Uniwersalna Klasyfikacja Dziesiętna [ , ]
    • a
    • Symbol klasyfikacji
    • :336.77
650 -Hasło przedmiotowe [ ,7]
    • a
    • Hasło przedmiotowe
    • Przedsiębiorstwa
    • x
    • Określnik rzeczowy
    • finanse.
    • 2
    • Źródło terminu
    • kaba
    • 9
    • KHW
    • 126391
650 -Hasło przedmiotowe [ ,7]
    • a
    • Hasło przedmiotowe
    • Środki trwałe.
    • 2
    • Źródło terminu
    • kaba
    • 9
    • KHW
    • 140653
650 -Hasło przedmiotowe [ ,7]
    • a
    • Hasło przedmiotowe
    • Amortyzacja.
    • 2
    • Źródło terminu
    • kaba
    • 9
    • KHW
    • 101203
980 -Symbol UKD [ , ]
    • a
    • UKD
    • 658.14/.17:657.372.3:336.77
700 -Hasło dodatkowe - nazwa osobowa [1, ]
    • a
    • Nazwa osobowa (NP)
    • Niedzielski, Zdzisław. Find
    • 9
    • KHW
    • 651369
710 -Hasło dodatkowe - nazwa ciała zbiorowego [2, ]
    • a
    • Nazwa ciała zbiorowego lub nazwa geograficzna jako pierwszy element (NP)
    • Uniwersytet Szczeciński.
    • b
    • Nazwa jednostki podrzędnej (P)
    • Wydawnictwo Naukowe.
    • 4
    • Kod relacji
    • pbl
    • 9
    • KHW
    • 51208
920 -ISBN [ , ]
    • a
    • ISBN
    • 83-7241-210-3 Find
Lokalizacja Data inwentaryzacji Sygnatura Numer inwentarzowy Status udost.
BE2002-04-24 E.68270-2
BE2002-04-24 S.89515-3
BE2002-04-24 S.895162
BE2002-06-07 S.897622
BE2002-06-07 S.897632
BE2002-06-07 S.897642
BE2002-06-07 S.897652
BE2002-06-07 S.89766-3
BE2002-06-07 S.89767-3
BE2002-06-07 S.89768-3
BE2002-06-07 S.89769-3
BE2002-06-07 S.89770-3
BE2002-06-07 S.89771-3
BE2006-06-30 S.92442-2
BE2006-06-30 S.92443-2
BE2006-06-30 S.92444-2
BE2006-06-30 S.92445-2
BG2005-06-27Z.104712Z.1047121
BG2005-06-27WM.3692WM.3692-3
T2002-05-09TM.42TM.42-2
T2002-08-12 TM.230-3
T2002-08-12 TM.231-3